[Event "Berlin-ch"]
[Site "Berlin"]
[Date "2024.04.04"]
[Round "6"]
[White "Florstedt, Johannes"]
[Black "Hesse, Henrik"]
[Result "1/2-1/2"]
[WhiteElo "2348"]
[BlackElo "2312"]
[PlyCount "84"]
[EventDate "2024.03.30"]
[EventType "swiss"]
[EventRounds "9"]
[EventCountry "GER"]
[SourceTitle "CB15_2024"]
[SourceDate "2024.04.10"]
[SourceVersion "1"]
[SourceVersionDate "2024.04.10"]
[SourceQuality "1"]

1. e4 e5 2. Nf3 Nf6 3. d4 Nxe4 4. Bd3 d5 5. Nxe5 Nd7 6. Nc3 Nxc3 7. bxc3 Nxe5 8. dxe5 c5 9. 0-0 c4 10. Be2 Bc5 11. Rb1 b6 12. Bg4 0-0 13. Bxc8 Rxc8 14. Qg4 Qe7 15. Bf4 Qe6 16. h3 Rcd8 17. Rbd1 d4 18. cxd4 Bxd4 19. Bg5 Qxg4 20. hxg4 f6 21. exf6 Bxf6 22. Be3 Rxd1 23. Rxd1 Rd8 24. Rb1 Rd5 25. Rb4 b5 26. Bxa7 Bc3 27. Rb1 b4 28. Bb6 Kf7 29. Kf1 Ke6 30. Ke2 Re5+ 31. Be3 Ra5 32. Bd2 Re5+ 33. Be3 Ra5 34. Bd2 Bxd2 35. Kxd2 Ra4 36. Re1+ Kd5 37. Re8 Rxa2 38. Rd8+ Ke5 39. Re8+ Kd6 40. Rd8+ Ke5 41. Re8+ Kd6 42. Rd8+ Ke5 1/2-1/2

[Event "Berlin-ch"]
[Site "Berlin"]
[Date "2024.04.02"]
[Round "4"]
[White "Syre, Christian"]
[Black "Florstedt, Johannes"]
[Result "0-1"]
[WhiteElo "2128"]
[BlackElo "2348"]
[PlyCount "72"]
[EventDate "2024.03.30"]
[EventType "swiss"]
[EventRounds "9"]
[EventCountry "GER"]
[SourceTitle "CB15_2024"]
[SourceDate "2024.04.10"]
[SourceVersion "1"]
[SourceVersionDate "2024.04.10"]
[SourceQuality "1"]

1. Nf3 c5 2. c4 Nf6 3. d4 cxd4 4. Nxd4 e5 5. Nb5 d5 6. cxd5 Bc5 7. e3 0-0 8. Be2 Nxd5 9. 0-0 a6 10. N5c3 Nf6 11. Bf3 Nc6 12. Nd2 Be6 13. Nde4 Nxe4 14. Bxe4 f5 15. Bd5 Bxd5 16. Nxd5 Kh8 17. b4 Bxb4 18. Nxb4 Nxb4 19. Ba3 a5 20. Rb1 Qe7 21. Qb3 f4 22. Bxb4 axb4 23. Qxb4 Qg5 24. exf4 exf4 25. f3 h6 26. Rf2 Qe5 27. Re1 Qd5 28. Rd2 Qc6 29. Rd6 Qa4 30. Qb2 Rfe8 31. Ra1 Rad8 32. Rxh6+ Kg8 33. Rb6 Rd1+ 34. Kf2 Rxa1 35. Qxa1 Qc2+ 36. Kf1 Qe2+ 0-1

[Event "Berlin-ch"]
[Site "Berlin"]
[Date "2024.03.31"]
[Round "2"]
[White "Foerster, Jonas"]
[Black "Florstedt, Johannes"]
[Result "1/2-1/2"]
[WhiteElo "2238"]
[BlackElo "2348"]
[PlyCount "95"]
[EventDate "2024.03.30"]
[EventType "swiss"]
[EventRounds "9"]
[EventCountry "GER"]
[SourceTitle "CB15_2024"]
[SourceDate "2024.04.10"]
[SourceVersion "1"]
[SourceVersionDate "2024.04.10"]
[SourceQuality "1"]

1. d4 Nf6 2. c4 g6 3. Nf3 Bg7 4. g3 d5 5. cxd5 Nxd5 6. Bg2 0-0 7. 0-0 Nb6 8. Nc3 Nc6 9. e3 Re8 10. Ne1 e5 11. d5 Na5 12. e4 c6 13. Be3 Nac4 14. Bxb6 Nxb6 15. dxc6 bxc6 16. Qxd8 Rxd8 17. Nf3 f6 18. Rfc1 Bh6 19. Rc2 Bg4 20. h3 Be6 21. b3 Rd6 22. g4 Rad8 23. Bf1 a5 24. Be2 Kf7 25. Rd1 Bf4 26. Rxd6 Rxd6 27. Nd1 f5 28. exf5 gxf5 29. Ne3 fxg4 30. Nxg4 Nd7 31. Bc4 Rd1+ 32. Kg2 Bd5 33. Ne3 Bxe3 34. fxe3 Kf6 35. Kg3 Kf5 36. Be2 Ra1 37. Bd3+ e4 38. Nd4+ Ke5 39. Be2 c5 40. Nb5 a4 41. bxa4 Bxa2 42. Bg4 Be6 43. Bxe6 Kxe6 44. Nc3 Nf6 45. Ra2 Rxa2 46. Nxa2 Nd5 47. a5 c4 48. a6 1/2-1/2

[Event "Berlin Teschner Memorial"]
[Site "Berlin"]
[Date "2023.05.20"]
[Round "6"]
[White "Florstedt, Johannes"]
[Black "Richter, Michael"]
[Result "1-0"]
[WhiteElo "2341"]
[BlackElo "2450"]
[PlyCount "49"]
[EventDate "2023.05.18"]
[EventType "swiss"]
[EventRounds "7"]
[EventCountry "GER"]
[SourceTitle "CBM 214 Extra"]
[Source "ChessBase"]
[SourceDate "2023.07.31"]
[SourceVersion "1"]
[SourceVersionDate "2023.07.31"]
[SourceQuality "1"]

1. e4 e6 2. d4 d5 3. e5 c5 4. c3 Nc6 5. Nf3 Qb6 6. Bd3 cxd4 7. 0-0 Bd7 8. Re1 h6 9. h4 g5 10. hxg5 hxg5 11. Nxg5 Bg7 12. Bf4 Qxb2 13. Nd2 dxc3 14. Rb1 Qa3 15. Ndf3 Nb4 16. Nd4 Ne7 17. Nb5 Bxb5 18. Bxb5+ Nec6 19. Qg4 Bf8 20. Nxe6 fxe6 21. Qxe6+ Kd8 22. Bxc6 bxc6 23. Qf6+ Kc7 24. Qxh8 c2 25. Qh7+ 1-0

[Event "Berlin Teschner Memorial"]
[Site "Berlin"]
[Date "2023.05.19"]
[Round "4"]
[White "Ahlander, Bjorn"]
[Black "Florstedt, Johannes"]
[Result "0-1"]
[WhiteElo "2425"]
[BlackElo "2341"]
[PlyCount "84"]
[EventDate "2023.05.18"]
[EventType "swiss"]
[EventRounds "7"]
[EventCountry "GER"]
[SourceTitle "CBM 214 Extra"]
[Source "ChessBase"]
[SourceDate "2023.07.31"]
[SourceVersion "1"]
[SourceVersionDate "2023.07.31"]
[SourceQuality "1"]

1. d4 Nf6 2. c4 g6 3. Nc3 d5 4. Nf3 Bg7 5. Qb3 dxc4 6. Qxc4 0-0 7. e4 a6 8. Be2 b5 9. Qb3 c5 10. dxc5 Be6 11. Qc2 Nbd7 12. Be3 Rc8 13. c6 Nb8 14. Nd4 Ng4 15. Bxg4 Bxg4 16. Qd2 Nxc6 17. h3 Nxd4 18. hxg4 b4 19. Bxd4 Qxd4 20. Qxd4 Bxd4 21. Nd1 Rc2 22. Rb1 f5 23. exf5 gxf5 24. g5 f4 25. a3 a5 26. axb4 axb4 27. Kf1 Rf5 28. Rh4 e5 29. Ra1 Kg7 30. Ra5 Rf7 31. Rh3 Rd7 32. Ke1 Rc1 33. Rb5 Bxb2 34. Ke2 Rcxd1 35. Rxb4 R1d2+ 36. Kf3 Bd4 37. g4 Rd3+ 38. Kg2 Rxh3 39. Kxh3 Bxf2 40. Ra4 Bd4 41. Ra6 f3 42. Re6 Rf7 0-1

[Event "BL2-Nord 2223"]
[Site "Germany"]
[Date "2023.02.05"]
[Round "6.3"]
[White "Walter, Stefan1111"]
[Black "Florstedt, Johannes"]
[Result "0-1"]
[WhiteElo "2387"]
[BlackElo "2362"]
[PlyCount "90"]
[EventDate "2022.10.22"]
[EventType "team-tourn"]
[EventRounds "10"]
[EventCountry "GER"]
[SourceTitle "EXT 2024"]
[Source "ChessBase"]
[SourceDate "2023.10.10"]
[SourceVersion "1"]
[SourceVersionDate "2023.10.10"]
[SourceQuality "1"]
[WhiteTeam "Lister Turm"]
[BlackTeam "Berlin SF II"]
[WhiteTeamCountry "GER"]
[BlackTeamCountry "GER"]

1. d4 Nf6 2. Nf3 g6 3. Nbd2 c5 4. dxc5 Qa5 5. a3 Qxc5 6. b4 Qc7 7. Bb2 Bg7 8. e3 0-0 9. c4 d6 10. Be2 b6 11. 0-0 Bb7 12. Qb3 Nbd7 13. Rfc1 Rac8 14. h3 Qb8 15. Bc3 Qa8 16. Bf1 Rc7 17. Nd4 a6 18. a4 d5 19. a5 dxc4 20. Nxc4 b5 21. Nb6 Qb8 22. Qb2 Ne5 23. Nxb5 Rxc3 24. Qxc3 axb5 25. Qc7 Nd5 26. Nxd5 Bxd5 27. Qxb8 Rxb8 28. Rc5 Bc4 29. Rd1 e6 30. Rc7 Bf8 31. a6 Bxb4 32. a7 Ra8 33. f4 Ba5 34. Rb7 Nc6 35. Bxc4 bxc4 36. Rd6 Rxa7 37. Rxa7 Nxa7 38. Ra6 Bd2 39. Kf2 c3 40. Ke2 Nb5 41. Kd3 Nc7 42. Ra4 Nd5 43. Ra8+ Kg7 44. Rc8 Bxe3 45. g3 Bf2 0-1

[Event "GER CupT"]
[Site "Germany"]
[Date "2023.01.28"]
[Round "1.1"]
[White "Raider, Eugen"]
[Black "Florstedt, Johannes"]
[Result "0-1"]
[WhiteElo "2036"]
[BlackElo "2373"]
[PlyCount "132"]
[EventDate "2023.01.28"]
[EventType "team-k.o."]
[EventRounds "4"]
[EventCountry "GER"]
[SourceTitle "EXT 2024"]
[Source "ChessBase"]
[SourceDate "2023.10.10"]
[SourceVersion "1"]
[SourceVersionDate "2023.10.10"]
[SourceQuality "1"]
[WhiteTeam "Koenigsspringer"]
[BlackTeam "Berlin SF"]
[WhiteTeamCountry "GER"]
[BlackTeamCountry "GER"]

1. e4 c5 2. b4 cxb4 3. Bb2 d5 4. exd5 Qxd5 5. d4 e6 6. c4 bxc3 7. Nxc3 Bb4 8. Qg4 Nc6 9. Qxg7 Qxd4 10. Qxd4 Nxd4 11. 0-0-0 e5 12. Nb5 Nxb5 13. Bxb5+ Ke7 14. Bxe5 f6 15. Bd4 Nh6 16. Ne2 Nf5 17. Nf4 Be6 18. Nxe6 Rhc8+ 19. Kb2 Kxe6 20. Bd7+ Kxd7 21. Bc5+ Ke6 22. Bxb4 Rc4 23. Rhe1+ Kf7 24. Rd7+ Kg6 25. Bc3 Rac8 26. Rd3 R8c6 27. h3 h5 28. Re8 b5 29. g4 Kf7 30. Ra8 hxg4 31. Rxa7+ Ke6 32. hxg4 Rxg4 33. a3 Rf4 34. Rd2 Nd6 35. Re2+ Kf5 36. Rd7 Nc4+ 37. Kb3 Rf3 38. Rd5+ Kg6 39. Rc2 Nd6 40. Kb2 Nc4+ 41. Kb3 Nxa3 42. Rc1 Rc4 43. Kxa3 Rfxc3+ 44. Rxc3 Rxc3+ 45. Kb4 Rf3 46. Kxb5 Rxf2 47. Kc4 Rf3 48. Kd4 f5 49. Ke5 Kg5 50. Rd8 Re3+ 51. Kd4 Re7 52. Rg8+ Kh4 53. Ra8 f4 54. Kd3 Kg3 55. Rf8 f3 56. Rg8+ Kf2 57. Rf8 Rd7+ 58. Kc2 Ke2 59. Re8+ Kf1 60. Rf8 f2 61. Rf6 Rd4 62. Kc3 Rd1 63. Kc2 Ra1 64. Kd2 Kg2 65. Rg6+ Kh3 66. Rh6+ Kg4 0-1

[Event "BL2-Nord 2223"]
[Site "Germany"]
[Date "2022.10.22"]
[Round "1.3"]
[White "Bruedigam, Martin"]
[Black "Florstedt, Johannes"]
[Result "1/2-1/2"]
[WhiteElo "2375"]
[BlackElo "2362"]
[PlyCount "47"]
[EventDate "2022.10.22"]
[EventType "team-tourn"]
[EventRounds "10"]
[EventCountry "GER"]
[SourceTitle "EXT 2024"]
[Source "ChessBase"]
[SourceDate "2023.10.10"]
[SourceVersion "1"]
[SourceVersionDate "2023.10.10"]
[SourceQuality "1"]
[WhiteTeam "Koenig Tegel"]
[BlackTeam "Berlin SF II"]
[WhiteTeamCountry "GER"]
[BlackTeamCountry "GER"]

1. e4 c5 2. Nf3 d6 3. c3 Nf6 4. h3 Nc6 5. Bd3 e5 6. 0-0 g5 7. Nh2 Rg8 8. Be2 Nxe4 9. d4 cxd4 10. Re1 Qb6 11. Bf3 d5 12. c4 d3 13. Be3 d4 14. Bc1 Nc5 15. b4 Nxb4 16. Rxe5+ Be6 17. Na3 f6 18. Bh5+ Kd7 19. Re1 Qa5 20. Nf3 g4 21. hxg4 Qa4 22. Qd2 Bxg4 23. Qf4 Bxh5 24. Qf5+ 1/2-1/2

[Event "GER-ch 93rd"]
[Site "Magdeburg"]
[Date "2022.08.20"]
[Round "9"]
[White "Florstedt, Johannes"]
[Black "Braun, Georg"]
[Result "1-0"]
[WhiteElo "2359"]
[BlackElo "2398"]
[PlyCount "105"]
[EventDate "2022.08.14"]
[EventType "swiss"]
[EventRounds "9"]
[EventCountry "GER"]
[SourceTitle "CBM 209 Extra"]
[Source "ChessBase"]
[SourceDate "2022.09.30"]
[SourceVersion "1"]
[SourceVersionDate "2022.09.30"]
[SourceQuality "1"]

1. e4 c6 2. d4 d5 3. e5 Bf5 4. h4 Qc7 5. h5 h6 6. Nc3 e6 7. g4 Bh7 8. Be3 Nd7 9. f4 Bb4 10. Bd3 Bxd3 11. cxd3 Ne7 12. Nf3 0-0-0 13. Rc1 Kb8 14. a3 Bxc3+ 15. Rxc3 Rdf8 16. Rc2 Ka8 17. Bd2 Qd8 18. Bb4 Re8 19. Kd2 Nb8 20. Kc1 Na6 21. Bd2 Qb6 22. Kb1 Rc8 23. Be3 Qb5 24. b4 Nb8 25. Bf2 Rc7 26. Bh4 Nc8 27. Rc5 Qa6 28. Qb3 Nd7 29. Rc2 Ncb6 30. f5 Qb5 31. Ka2 Na4 32. Be1 Rcc8 33. Nh4 Rce8 34. Rf1 f6 35. Ng6 Rhg8 36. Bg3 Nf8 37. Re2 exf5 38. gxf5 Nxg6 39. hxg6 fxe5 40. Rxe5 Ref8 41. Re7 Re8 42. Rfe1 Ref8 43. Rf7 Nb6 44. Ree7 Nc8 45. Rxf8 Rxf8 46. Rxg7 Qb6 47. Be5 Qd8 48. Qc2 Rxf5 49. Rf7 Qg5 50. Rc7 Qd8 51. Rxc6 Nb6 52. Rxb6 Rxe5 53. Rd6 1-0

[Event "GER-ch 93rd"]
[Site "Magdeburg"]
[Date "2022.08.18"]
[Round "7"]
[White "Hourigan, Gerrit"]
[Black "Florstedt, Johannes"]
[Result "0-1"]
[WhiteElo "2306"]
[BlackElo "2359"]
[PlyCount "166"]
[EventDate "2022.08.14"]
[EventType "swiss"]
[EventRounds "9"]
[EventCountry "GER"]
[SourceTitle "CBM 209 Extra"]
[Source "ChessBase"]
[SourceDate "2022.09.30"]
[SourceVersion "1"]
[SourceVersionDate "2022.09.30"]
[SourceQuality "1"]

1. e4 c5 2. Nf3 Nc6 3. Nc3 g6 4. g3 Bg7 5. Bg2 d6 6. 0-0 e6 7. d3 Nge7 8. Bf4 e5 9. Be3 0-0 10. Nd2 Be6 11. a3 Qd7 12. Rb1 b6 13. f4 exf4 14. Bxf4 Ne5 15. Nf3 Nxf3+ 16. Qxf3 Rae8 17. Rfe1 Nc6 18. Nd5 Bxd5 19. exd5 Rxe1+ 20. Rxe1 Ne5 21. Qf1 Qb5 22. Bc1 h5 23. h3 h4 24. gxh4 Qa4 25. Qf2 f5 26. Bf4 Bf6 27. Qg3 Kf7 28. h5 gxh5 29. b3 Qd4+ 30. Qe3 Ng6 31. Bh6 Re8 32. Qxd4 Bxd4+ 33. Kf1 Rxe1+ 34. Kxe1 Nh4 35. Bh1 Kf6 36. Ke2 Ke5 37. c3 Bg1 38. Bg5 Ng6 39. Kf3 Bh2 40. h4 Kxd5 41. Ke3+ Ke6 42. Bf3 Bg3 43. Bxh5 Bxh4 44. Bxg6 Bxg5+ 45. Ke2 Bc1 46. a4 Kf6 47. Bh7 Bb2 48. c4 Bc3 49. Kf3 Ke5 50. Bg6 f4 51. Be4 Bb2 52. Bg6 Bc1 53. Be4 Kd4 54. Bg6 Be3 55. Bf5 Kc3 56. Ke4 Kxb3 57. Bd7 Kb4 58. Be8 Kc3 59. Bd7 Bc1 60. Bf5 Kb3 61. Bd7 Kc2 62. Bf5 Kd1 63. Kf3 Be3 64. Be4 Kd2 65. Bf5 Kd1 66. Ke4 Ke2 67. Bg4+ Kf2 68. Bh5 Kg3 69. Bd1 Bd4 70. Be2 Bf6 71. Bd1 Bd8 72. Bh5 d5+ 73. cxd5 Bc7 74. Bd1 a6 75. d6 Bxd6 76. Kd5 Bc7 77. a5 b5 78. Kxc5 Bxa5 79. d4 f3 80. Kc6 f2 81. Be2 b4 82. Kb7 b3 83. Kxa6 Bd8 0-1

[Event "GER-ch 93rd"]
[Site "Magdeburg"]
[Date "2022.08.16"]
[Round "3"]
[White "Florstedt, Johannes"]
[Black "Kunin, Vitaly L"]
[Result "1/2-1/2"]
[WhiteElo "2359"]
[BlackElo "2521"]
[PlyCount "130"]
[EventDate "2022.08.14"]
[EventType "swiss"]
[EventRounds "9"]
[EventCountry "GER"]
[SourceTitle "CBM 209 Extra"]
[Source "ChessBase"]
[SourceDate "2022.09.30"]
[SourceVersion "1"]
[SourceVersionDate "2022.09.30"]
[SourceQuality "1"]

1. e4 d6 2. d4 Nf6 3. Nc3 e5 4. Nf3 Nbd7 5. Rg1 g6 6. Be3 Bg7 7. dxe5 dxe5 8. g4 0-0 9. Qd2 Nb6 10. g5 Qxd2+ 11. Nxd2 Nh5 12. Nb5 Bd7 13. a4 Bxb5 14. axb5 Nf4 15. Nb3 Nc8 16. Nc5 Nd6 17. f3 Rfd8 18. c3 Kf8 19. Bxf4 exf4 20. Rg4 h6 21. Rxf4 hxg5 22. Ne6+ Ke7 23. Nxg5 Rh8 24. h4 Be5 25. Rg4 f5 26. exf5 gxf5 27. Rga4 Bg3+ 28. Kd1 Bxh4 29. Nh3 Bg3 30. Rxa7 Rad8 31. Kc2 f4 32. R1a4 Rh4 33. Kb3 Rg8 34. Rd4 Rgh8 35. Ng5 Bf2 36. Rxd6 Bxa7 37. Re6+ Kd7 38. Rg6 Kc8 39. Bd3 Kb8 40. Rg7 Bb6 41. Rf7 Rd8 42. Kc4 Re8 43. Ne4 Be3 44. Nf6 Rd8 45. Nd5 Rh5 46. Be4 c6 47. bxc6 b5+ 48. Kxb5 Rdxd5+ 49. Bxd5 Rxd5+ 50. Kb4 Rd2 51. b3 Rd5 52. Rh7 Rc5 53. Rh6 Kc7 54. c4 Rg5 55. Kc3 Rg3 56. Kb4 Kb6 57. Ka4 Rxf3 58. b4 Rg3 59. c5+ Kc7 60. Kb5 Rg7 61. Rf6 Bd2 62. Kc4 Rg4 63. Rf7+ Kc8 64. Rf8+ Kc7 65. Rf7+ Kc8 1/2-1/2

[Event "BL2-Nord 2122"]
[Site "Germany"]
[Date "2022.07.02"]
[Round "9.2"]
[White "Gungl, Theo"]
[Black "Florstedt, Johannes"]
[Result "1-0"]
[WhiteElo "2393"]
[BlackElo "2316"]
[PlyCount "87"]
[EventDate "2022.03.05"]
[EventType "team-tourn"]
[EventRounds "10"]
[EventCountry "GER"]
[SourceTitle "EXT 2023"]
[Source "ChessBase"]
[SourceDate "2022.10.05"]
[SourceVersion "1"]
[SourceVersionDate "2022.10.05"]
[SourceQuality "1"]
[WhiteTeam "Magdeburg"]
[BlackTeam "Berlin SF II"]
[WhiteTeamCountry "GER"]
[BlackTeamCountry "GER"]

1. d4 Nf6 2. c4 g6 3. Nc3 d5 4. cxd5 Nxd5 5. e4 Nxc3 6. bxc3 Bg7 7. Nf3 c5 8. Be3 Qa5 9. Nd2 cxd4 10. Nc4 Qd8 11. cxd4 0-0 12. Qd2 Nc6 13. Rd1 b5 14. Na3 a6 15. Nc2 e6 16. Be2 Qa5 17. 0-0 Bb7 18. d5 Qxd2 19. Rxd2 exd5 20. exd5 Ne5 21. f4 Nd7 22. Bf3 Rac8 23. Rb1 Rfe8 24. Kf2 Bc3 25. Rdd1 Rc4 26. Be2 Rce4 27. Bf3 Rc4 28. Be2 Ra4 29. a3 Ba5 30. Rb3 Nf6 31. Bf3 Ne4+ 32. Bxe4 Raxe4 33. g3 Rd8 34. Rbd3 Rc4 35. Na1 Rc3 36. d6 b4 37. Nb3 Rxd3 38. Rxd3 Bc7 39. Nc5 Rxd6 40. Rxd6 Bxd6 41. Nxb7 b3 42. Bc1 Bc7 43. Ke2 Bb6 44. Nd6 1-0

[Event "BL2-Nord 2122"]
[Site "Germany"]
[Date "2022.06.18"]
[Round "7.5"]
[White "Sawatzki, Frank"]
[Black "Florstedt, Johannes"]
[Result "1/2-1/2"]
[WhiteElo "2378"]
[BlackElo "2316"]
[PlyCount "56"]
[EventDate "2022.03.05"]
[EventType "team-tourn"]
[EventRounds "10"]
[EventCountry "GER"]
[SourceTitle "EXT 2023"]
[Source "ChessBase"]
[SourceDate "2022.10.05"]
[SourceVersion "1"]
[SourceVersionDate "2022.10.05"]
[SourceQuality "1"]
[WhiteTeam "St Pauli"]
[BlackTeam "Berlin SF II"]
[WhiteTeamCountry "GER"]
[BlackTeamCountry "GER"]

1. e4 c5 2. Nf3 d6 3. d4 cxd4 4. Nxd4 Nf6 5. Nc3 a6 6. Be2 e5 7. Nf3 Be7 8. Bg5 Be6 9. Bxf6 Bxf6 10. 0-0 Be7 11. Nd5 Nd7 12. Bc4 Rc8 13. Qe2 Nb6 14. Nxb6 Qxb6 15. Bb3 0-0 16. Rfd1 Rc6 17. Rab1 Rfc8 18. Ne1 Qb5 19. Qxb5 axb5 20. Bd5 Bxd5 21. Rxd5 Rc5 22. Rbd1 b4 23. R1d3 Ra8 24. Rxc5 dxc5 25. Rd7 Bf8 26. Rxb7 c4 27. Rc7 Rxa2 28. Rxc4 Rxb2 1/2-1/2

[Event "Berlin Teschner Memorial"]
[Site "Berlin"]
[Date "2022.05.28"]
[Round "6"]
[White "Brustkern, Juergen"]
[Black "Florstedt, Johannes"]
[Result "0-1"]
[WhiteElo "2179"]
[BlackElo "2365"]
[PlyCount "78"]
[EventDate "2022.05.26"]
[EventType "swiss"]
[EventRounds "7"]
[EventCountry "GER"]
[SourceTitle "CBM 208 Extra"]
[Source "ChessBase"]
[SourceDate "2022.07.31"]
[SourceVersion "1"]
[SourceVersionDate "2022.07.31"]
[SourceQuality "1"]

1. f4 d5 2. Nf3 g6 3. e3 Bg7 4. Be2 c5 5. 0-0 Nc6 6. d3 Nf6 7. a4 0-0 8. Kh1 Qc7 9. Nc3 a6 10. e4 d4 11. Nb1 Ng4 12. Ng1 Ne3 13. Bxe3 dxe3 14. Nc3 Nb4 15. Rc1 Bh6 16. Qe1 Bxf4 17. Qh4 Be5 18. Nd1 Nc6 19. c3 Bf6 20. Qh6 Bg7 21. Qh4 c4 22. d4 e5 23. Bxc4 Na5 24. Bd5 exd4 25. b4 Be6 26. bxa5 Bxd5 27. exd5 Rae8 28. Re1 f5 29. d6 Qxa5 30. cxd4 Bf6 31. Qh6 Qxe1 32. Rc7 Rf7 33. Rxf7 Kxf7 34. d7 Rd8 35. Nxe3 Bg7 36. Qg5 Rxd7 37. Nxf5 gxf5 38. Qxf5+ Ke8 39. Qxh7 Qxg1+ 0-1

[Event "Berlin Teschner Memorial"]
[Site "Berlin"]
[Date "2022.05.28"]
[Round "5"]
[White "Florstedt, Johannes"]
[Black "Van den Doel, Erik"]
[Result "1/2-1/2"]
[WhiteElo "2365"]
[BlackElo "2581"]
[PlyCount "23"]
[EventDate "2022.05.26"]
[EventType "swiss"]
[EventRounds "7"]
[EventCountry "GER"]
[SourceTitle "CBM 208 Extra"]
[Source "ChessBase"]
[SourceDate "2022.07.31"]
[SourceVersion "1"]
[SourceVersionDate "2022.07.31"]
[SourceQuality "1"]

1. e4 e5 2. Nf3 Nc6 3. d4 exd4 4. Nxd4 Nf6 5. Nxc6 bxc6 6. e5 Qe7 7. Qe2 Nd5 8. c4 Nb6 9. Nc3 Qe6 10. Qe4 g6 11. Bd2 Bg7 12. c5 1/2-1/2

[Event "BL2-Nord 2122"]
[Site "Germany"]
[Date "2022.05.14"]
[Round "5.5"]
[White "Kovacevic, Aleksandar"]
[Black "Florstedt, Johannes"]
[Result "1-0"]
[WhiteElo "2503"]
[BlackElo "2316"]
[PlyCount "81"]
[EventDate "2022.03.05"]
[EventType "team-tourn"]
[EventRounds "10"]
[EventCountry "GER"]
[SourceTitle "EXT 2023"]
[Source "ChessBase"]
[SourceDate "2022.10.05"]
[SourceVersion "1"]
[SourceVersionDate "2022.10.05"]
[SourceQuality "1"]
[WhiteTeam "Kirchweyhe"]
[BlackTeam "Berlin SF II"]
[WhiteTeamCountry "GER"]
[BlackTeamCountry "GER"]

1. Nf3 Nf6 2. c4 g6 3. Nc3 Bg7 4. e4 e5 5. Nxe5 0-0 6. Nf3 Re8 7. Bd3 b5 8. 0-0 Bb7 9. cxb5 d5 10. exd5 Nxd5 11. Bc4 Nb6 12. Bb3 c5 13. d3 N8d7 14. a4 Ne5 15. Nxe5 Bxe5 16. a5 Qh4 17. h3 c4 18. dxc4 Nxc4 19. a6 Bc8 20. Qf3 Be6 21. Ra4 Rac8 22. Re1 Qd8 23. Bf4 Nd2 24. Bxd2 Bxb3 25. Rae4 Qxd2 26. Rxe5 Rxe5 27. Rxe5 Qxb2 28. Qf6 Be6 29. Re3 Qc1+ 30. Kh2 Qd2 31. Ne4 Qd8 32. Qe5 Qc7 33. Nd6 Rb8 34. Rc3 Qb6 35. Rc6 Qd8 36. Ne4 h6 37. Nf6+ Kf8 38. Rxe6 fxe6 39. Nd7+ Qxd7 40. Qxb8+ Ke7 41. b6 1-0

[Event "Berlin-ch"]
[Site "Berlin"]
[Date "2022.04.23"]
[Round "9"]
[White "Florstedt, Johannes"]
[Black "Ermitsch, Magnus"]
[Result "1-0"]
[WhiteElo "2316"]
[BlackElo "2150"]
[PlyCount "161"]
[EventDate "2022.04.15"]
[EventType "swiss"]
[EventRounds "9"]
[EventCountry "GER"]
[SourceTitle "CBM 207 Extra"]
[Source "ChessBase"]
[SourceDate "2022.05.31"]
[SourceVersion "1"]
[SourceVersionDate "2022.05.31"]
[SourceQuality "1"]

1. e4 c5 2. Nf3 Nc6 3. Bb5 e6 4. Bxc6 bxc6 5. d3 d5 6. b3 Be7 7. Bb2 f6 8. e5 f5 9. Nc3 Ba6 10. Qd2 Nh6 11. 0-0-0 Nf7 12. Kb1 Rb8 13. Rhg1 g5 14. h3 d4 15. Ne2 h5 16. g4 hxg4 17. hxg4 Qd5 18. Ne1 f4 19. c4 Qd8 20. Nf3 Qc7 21. Rh1 Kd7 22. Qe1 Rxh1 23. Qxh1 Nxe5 24. Neg1 Nxg4 25. Re1 Qd6 26. Re2 Rg8 27. Qg2 Nh6 28. Ne5+ Kc7 29. Qh3 Nf5 30. Ngf3 Rg7 31. Ng4 Bc8 32. Ba3 Qd8 33. Nfe5 Qg8 34. Qf3 Bb7 35. Rb2 Qf8 36. Qe4 Nd6 37. Qe1 Nc8 38. Qa5+ Nb6 39. Re2 Bd6 40. Re4 Kb8 41. f3 Qe7 42. Qe1 Na8 43. Re2 Nc7 44. Nf2 Qf8 45. Neg4 Qf5 46. Ne4 Be7 47. Rh2 Rh7 48. Rxh7 Qxh7 49. Bxc5 Bxc5 50. Nxc5 Na6 51. Qe5+ Qc7 52. Nxe6 Qxe5 53. Nxe5 c5 54. Nxg5 Kc7 55. a3 Kd6 56. Ng6 Nb8 57. Nxf4 Nd7 58. Ne4+ Kc6 59. Ng6 a5 60. Kc2 Kb6 61. Kc1 Ba8 62. Kd2 Bb7 63. f4 Bxe4 64. dxe4 Nf6 65. e5 Ne4+ 66. Kd3 Ng3 67. Ne7 Kc7 68. Nd5+ Kd7 69. b4 cxb4 70. axb4 a4 71. Nb6+ Ke6 72. Nxa4 Kf5 73. b5 Ke6 74. Nc5+ Ke7 75. Kxd4 Ne2+ 76. Ke3 Nc3 77. f5 Kd8 78. f6 Na2 79. e6 Nb4 80. e7+ Ke8 81. Ne4 1-0

[Event "BL2-Nord 2122"]
[Site "Germany"]
[Date "2022.03.06"]
[Round "2.5"]
[White "Mueller, Michael1111"]
[Black "Florstedt, Johannes"]
[Result "1-0"]
[WhiteElo "2241"]
[BlackElo "2316"]
[PlyCount "99"]
[EventDate "2022.03.05"]
[EventType "team-tourn"]
[EventRounds "10"]
[EventCountry "GER"]
[SourceTitle "EXT 2023"]
[Source "ChessBase"]
[SourceDate "2022.10.05"]
[SourceVersion "1"]
[SourceVersionDate "2022.10.05"]
[SourceQuality "1"]
[WhiteTeam "Berlin Rotation"]
[BlackTeam "Berlin SF II"]
[WhiteTeamCountry "GER"]
[BlackTeamCountry "GER"]

1. d4 Nf6 2. c4 g6 3. Nc3 d5 4. cxd5 Nxd5 5. e4 Nxc3 6. bxc3 Bg7 7. Bc4 c5 8. Be3 Nc6 9. Ne2 0-0 10. 0-0 Bg4 11. f3 Na5 12. Bd3 cxd4 13. cxd4 Be6 14. d5 Bxa1 15. Qxa1 f6 16. Qd4 Bd7 17. e5 b5 18. e6 Be8 19. Bh6 Qb6 20. Rb1 Qxd4+ 21. Nxd4 a6 22. d6 exd6 23. Rc1 Ra7 24. Rc8 Re7 25. Be4 f5 26. Bd5 Rf6 27. Kf2 g5 28. Bxg5 Kg7 29. Ra8 Kg6 30. f4 Nc4 31. Rxa6 Rc7 32. Ra8 Nb6 33. Rxe8 Nxd5 34. Rg8+ Rg7 35. Rd8 Nc3 36. Bxf6 Ne4+ 37. Kf3 Nxf6 38. Nxb5 d5 39. a4 Rb7 40. h3 Rb6 41. Rd6 Rb8 42. g4 h6 43. e7 fxg4+ 44. hxg4 Kf7 45. g5 hxg5 46. fxg5 Ne8 47. Rd8 Rb6 48. Rxe8 Ra6 49. Ra8 Rxa8 50. Nc7 1-0

[Event "Berlin BSV IM"]
[Site "Berlin"]
[Date "2021.08.06"]
[Round "7"]
[White "Florstedt, Johannes"]
[Black "Bui, Bao Anh Le"]
[Result "1-0"]
[WhiteElo "2329"]
[BlackElo "2179"]
[PlyCount "81"]
[EventDate "2021.08.01"]
[EventType "tourn"]
[EventRounds "9"]
[EventCountry "GER"]
[EventCategory "3"]
[SourceTitle "CBM 203 Extra"]
[Source "ChessBase"]
[SourceDate "2021.09.30"]
[SourceVersion "1"]
[SourceVersionDate "2021.09.30"]
[SourceQuality "1"]

1. e4 c5 2. Nf3 d6 3. d4 cxd4 4. Nxd4 Nf6 5. Nc3 a6 6. Bg5 e6 7. f4 h6 8. Bh4 Qb6 9. a3 Be7 10. Bf2 Qc7 11. Qf3 Nbd7 12. 0-0-0 b5 13. g4 Bb7 14. h4 Nc5 15. Bd3 d5 16. e5 Nfe4 17. Be1 Nxc3 18. Bxc3 Ne4 19. Bb4 Bxb4 20. axb4 Qb6 21. c3 Rc8 22. Rh2 Qc7 23. Rc2 Qe7 24. Rh1 Kd7 25. f5 Kc7 26. Qf4 Kb8 27. Rf1 Rcf8 28. Qh2 g6 29. Bxe4 dxe4 30. fxe6 fxe6 31. Rcf2 Bd5 32. Rf6 Rxf6 33. Rxf6 Rc8 34. Kd2 Rf8 35. Rxe6 Qc7 36. Rxa6 e3+ 37. Kxe3 Re8 38. Kd2 Rxe5 39. Qf2 Re8 40. Nxb5 Qd7 41. Qf4+ 1-0